00699nam a2200229Ia 4500003000400000005001700004008004100021020001300062040001000075082001700085100002300102245006300125250000800188260004600196300002600242500001900268600001500287650001500302942001200317952012500329999001500454OSt20251211151844.0240925s9999 xx 000 0 und d a71123504 cAACR2 a658.4038 LAU aLaudon , kenneth C 0aManagement Information Systems: managing the digital firm a9th aNew Delhi:bPearson Printice Hallc,2006. ax,529p.bNafOriginal aIncludes Index aManagement aManagement cBK2ddc 00102ddc40708MANaUITUbUITUd2007-02-07eF.B.Cg525.00l0o658.4036 LAUpQ6915r2024-09-25 07:14:25w2024-09-25yBK c9414d9414